| 000 -LEADER |
| fixed length control field |
00492nam a22001457a 4500 |
| 008 - FIXED-LENGTH DATA ELEMENTS--GENERAL INFORMATION |
| fixed length control field |
250729b ||||| |||| 00| 0 eng d |
| 100 ## - MAIN ENTRY--PERSONAL NAME |
| Personal name |
Jha, Dhirendra K. |
| 245 ## - TITLE STATEMENT |
| Title |
Golwalkar: Te myth behind the man, the man behind the machine |
| 260 ## - PUBLICATION, DISTRIBUTION, ETC. (IMPRINT) |
| Place of publication, distribution, etc |
Social Scientist |
| 300 ## - PHYSICAL DESCRIPTION |
| Extent |
53(3-4), Mar-Apr, 2025: p.72-76 |
| 520 ## - SUMMARY, ETC. |
| Summary, etc |
New Delhi: Simon and Schuster India, 2024, xiv+386 pages, Rs. 899. Reproduced |
| 773 ## - HOST ITEM ENTRY |
| Main entry heading |
Social Scientist |
| 906 ## - LOCAL DATA ELEMENT F, LDF (RLIN) |
| Subject DIP |
BOOK REVIEW |
| 942 ## - ADDED ENTRY ELEMENTS (KOHA) |
| Item type |
Articles |